| 000 | 00488nam a22001457a 4500 | ||
|---|---|---|---|
| 005 | 20250611114955.0 | ||
| 008 | 221102b |||||||| |||| 00| 0 eng d | ||
| 040 | _cSVYASA | ||
| 100 |
_aPrabhat Ranjan Thakur _9957 |
||
| 245 | _aEffect of teleyoga on minimum muscular fitness among adolescents attending online classes during Covid-19 Pandemic. | ||
| 260 |
_aBangaluru _bSVYASA _c2022 |
||
| 300 | _a55 P. | ||
| 856 | _uhttps://elibraryofyoga.com/handle/123456789/2195 | ||
| 942 |
_2ddc _cD _n0 |
||
| 999 |
_c18773 _d18773 |
||